Statistics for Tokyo 2020 Paralympics Medal-Winning Countries

Click here to take the quiz!

General Stats

  • This quiz has been taken 315 times
  • The average score is 57 of 66

Answer Stats

Answer% Correct
China
100%
Great Britain
100%
RPC
99%
United States
99%
Italy
98%
Japan
98%
India
97%
Spain
97%
Sweden
97%
Turkey
97%
Australia
96%
France
96%
South Korea
96%
Brazil
95%
Canada
95%
Germany
95%
Norway
95%
Iran
94%
Portugal
94%
Argentina
93%
Mexico
93%
Poland
93%
Ukraine
93%
Denmark
92%
Egypt
91%
Netherlands
91%
Austria
90%
Belgium
90%
Czech Republic
90%
Greece
90%
Switzerland
90%
Thailand
90%
Chile
89%
Colombia
88%
Hungary
88%
Indonesia
88%
Ireland
88%
Slovakia
88%
Vietnam
88%
Croatia
86%
Serbia
86%
South Africa
86%
Iraq
85%
Romania
85%
Slovenia
85%
Chinese Taipei
84%
Malaysia
84%
Peru
84%
Kazakhstan
82%
Venezuela
82%
Israel
78%
Latvia
78%
Algeria
76%
Morocco
76%
Bosnia and Herzegovina
75%
Lithuania
75%
Uzbekistan
75%
Azerbaijan
74%
Nigeria
74%
Georgia
73%
United Arab Emirates
70%
Mongolia
67%
Montenegro
62%
Jordan
60%
Hong Kong
42%
El Salvador
34%

Score Distribution

Percentile by Number Answered

Percent of People with Each Score

Your Score History

You have not taken this quiz